Transparentní společnost

Gespeichert in:
Bibliographische Detailangaben
1. Verfasser: Vattimo, Gianni
Format: Buch
Sprache:Tschechisch
Veröffentlicht: Praha RUBATO 2013
Schriftenreihe:Eseje
Schlagworte:
Tags: Tag hinzufügen
Keine Tags, Fügen Sie das erste Tag hinzu!

MARC

LEADER 00000nam a2200000 4500
001 0185638
005 20240313090526.2
020 |a 978-80-87705-09-4 
041 0 |a cze 
044 |a CZ 
245 1 0 |a Transparentní společnost  |c Gianni Vattimo 
264 1 |a Praha  |b RUBATO  |c 2013 
300 |a 140 s. 
490 1 |a Eseje 
830 0 |a Eseje 
610 2 0 |a spoločnosť 
610 2 0 |a transparentnosť 
610 2 0 |a postmodernizmus 
610 2 0 |a komunikácia 
100 1 |a Vattimo, Gianni